000 004120000a22001810004500
003 MACL
005 20151023142716.0
008 151023b xxu||||| |||| 00| 0 eng d
040 _aMACL
_cMACL
041 _aEnglish
082 _a954/RAY
100 _aRay, B N
_916424
245 _aGandhigiri
260 _bKaveri Books
_c2008
_aNew Delhi
350 _a800
650 _aHistory
_916425
942 _cBK
_k954
_2ddc
999 _c8833
_d8833